Red Crystals - Statistics

General Stats
  • This quiz has been taken 31 times
  • The average score is 2 of 6
Answer Stats
Hint Answer % Correct
Traditionally known as the gemstone of the sun Ruby
87%
Thought to come from the Latin word for pomegranate Garnet
57%
Quartz coloured by a variety of impurities Jasper
40%
Ferruginous quartz Iron quartz
7%
Resembles thorns or spines; traditionally worn for gold luck Spinel
7%
Red oxide of zinc; natural occurrence is rare Zincite
3%
No matching quizzes found
Score Distribution
Percent of People with Each Score
Percentile by Number Answered
Your Score History
You have not taken this quiz